000 01009nam a2200229 a 4500
001 000041780
005 20201002035742.0
008 131015s2004 sp 000 0 spa d
020 _a8400082621
040 _aDO-SdBNP
_bspa
_cBNPHU
100 1 _aLemos Montanet, José Leonardo
_968639
245 1 0 _a"Obra viva" de Ángel Amor Ruibal /
_cJosé Leonardo Lemos Montanet ; prólogo Eduardo Pardo de Guevara y Valdés.
260 _aSantiago de Compostela :
_bInstituto de Estudios Gallegos "Padre Sarmiento",
_c2004.
300 _a455 p., [1] h. de lám. :
_bil. ;
_c24 cm.
490 1 _aCuadernos de estudios gallegos. Anexo
_v32
500 _aIncluye índice
504 _aIncluye referencias bibliográficas y notas al pie de las páginas
700 1 _aGuevara y Valdés, Eduardo Pardo de,
_964035
710 2 _aConsejo Superior de Investigaciones Científicas (España).
_915178
710 2 _aInstituto de Estudios Gallegos "Padre Sarmiento"
_968447
830 0 _aCuadernos de estudios gallegos
_v32
_964199
999 _c41269
_d41269